| 000 | 01437cam a22001934a 4500 | ||
|---|---|---|---|
| 005 | 20250605163422.0 | ||
| 008 | 250528s ||||||||||||||||||||||||d | ||
| 035 | _a18765 | ||
| 020 | _a9602860707 | ||
| 040 |
_aGR-AtMCL _bgre _dGR-AtMCL _eAACR2 |
||
| 245 | 1 | _aΕυρωπαϊκή Ενοποίηση / Μια Θεσμική, Πολιτική και Οικονομική Προσέγγιση | |
| 260 |
_bΈλλην, _c1993 |
||
| 300 | _a248 | ||
| 520 | _aΙστορική Αναδρομή της Ευρωπαϊκής Ιδέας, Από τη Συνθήκη της Ρώμης στην Εσωτερική Αγορά, Βασικές Έννοιες του Θεσμικού Κοινοτικού Δικαίου, Τα Όργανα της Ευρωπαϊκής Κοινότητας, Οι Τέσσερις Βασικές Κοινοτικές Ελευθερίες, Πολιτική Ανταγωνισμού, Βιομηχανική Πολιτική και Έρευνα, Κοινή Αγροτική Πολιτική, Περιφερειακή Πολιτική της Κοινότητας, Ο Προϋπολογισμός της Κοινότητας, Φορολογική και Δημοσιονομική Πολιτική, Οικονομική και Νομισματική Ένωση, Η Κοινωνική Πρόκληση ,Βιβλιογραφία. | ||
| 700 | 1 | _aΣαρρής Νίκος | |
| 942 | _cBK | ||
| 999 |
_c4081 _d4081 |
||